000 00665nam a2200241 a 4500
001 57803
003 BD-RjUL
005 20211209080544.0
008 161212s1968 enk b 000 0 eng
035 _a(BD-RjUL)57927
040 _aDLC
_cDLC
_dDLC
_beng
041 _aeng
082 0 0 _a300
_223
_bVIC 1968
100 1 _aVickers, Geoffrey,
_d1894-
_9171653
245 1 0 _aValue systems and social process /
_cby Geoffrey Vickers
260 _aLondon :
_bTavistock Publications,
_c1968.
300 _axxii, 217 p. ;
_c23 cm.
350 _a38/-
504 _aIncludes bibliographies.
650 0 _aSocial sciences.
_9171029
942 _2ddc
_cBK
999 _c57803
_d57803